| 000 | 00406nam a2200157 i 4500 | ||
|---|---|---|---|
| 001 | 77078 | ||
| 003 | ES-MaACL | ||
| 005 | 20230906173059.0 | ||
| 007 | t| | ||
| 008 | 041006s1946 sp ||||1| spa d | ||
| 100 | 1 |
_aGuzmán, Antonio. _961281 |
|
| 245 | 1 | 0 |
_aLiteratura turca / _cAntonio Guzmán. |
| 260 |
_aMadrid : _b[s.n., _c1946] |
||
| 300 |
_a4 h. ; _c24 cm. |
||
| 852 |
_aES-MaACL _j1580-F-11 _bR.24006 |
||
| 999 |
_c77078 _d77078 |
||